000 00652nam a2200169 i 4500
001 49182
003 ES-MaACL
007 t|
008 030710s1948 sp ||||1| spa d
100 1 _aCortadellas Sanroma, Francisco.
_940815
245 1 3 _aEl Arzobispo Costa y Borrás /
_cFrancisco Cortadellas Sanroma ; prólogo de Manuel Arce Ochotorena.
260 _aBarcelona :
_bR. Ballester,
_c1948 (
_fSucs. de Torres y Virgili)
300 _a211 p., IV lám. :
_bil. ;
_c18 cm.
500 _aEs publicación extraordinaria de la Real Sociedad Arqueológica Tarraconense.
700 1 _aArce Ochotorena, Manuel.
_922463
852 _aES-MaACL
_jE-703
_bR.28435
999 _c49182
_d49182